000 00865nam a2200229Ii 4500
003 JO-AjNU
008 230605s9999||||xx |||||||||||||| ||und||
017 _a2004/14429
020 _a977-09-1116-X
040 _aJO-AjNU
_bara
_erda
_cJO-AjNU
041 _aara
050 1 4 _aJX1990.A2.B37.2004
100 3 _a بسيونى، محمود شريف ,
_eauthor
_944375
245 0 0 _aالمحكمة الجنائية الدولية : مدخل لدراسة أحكام وآليات الإنفاذ الوطنى للنظام الأساسي
250 _aط1
264 3 1 _aالقاهرة : دار الشروق ، 2004
300 _a295ص
336 _atext
_btxt
_2rdacontent
337 _aunmediated
_bn
_2rdamedia
338 _avolume
_bnc
_2rdacarrier
650 4 _aالقانون الدولي الجنائي -- المحكمة الجنائية الدولية
_944376
999 _aA19154
_c22722
_d22722